Engineering mechanics /

Saved in:
Bibliographic Details
Main Author: Singer, Ferdinand Leon, 1907-
Format: Book
Language:English
Published: New York ; London : Harper & Row, [1943].
Subjects:
LEADER 00803nam a2200217 a 4500
001 c000171597
003 CARM
005 19920910000000.0
008 920910s1943 nyua 000 0 eng d
019 1 |a 9268605  |z 27334576  |5 LACONCORD2021 
035 |a (OCoLC)563380  |5 LACONCORD2021 
040 |a VU  |b eng  |c VU 
082 0 4 |a 620.1 
100 1 |a Singer, Ferdinand Leon,  |d 1907- 
245 1 0 |a Engineering mechanics /  |c by Ferdinand L. Singer. 
260 |a New York ; London :  |b Harper & Row,  |c [1943]. 
300 |a xiv, 482 p. :  |b ill. ;  |c 24 cm. 
650 0 |a Mechanics, Applied. 
852 8 |b CARM  |h A2:AN22F0  |i C06170  |p 0237010  |f BK 
999 f f |i 0d2d6202-49a7-5515-acf4-8e9d4b2f11ce  |s ae2a4ee0-f23a-523f-a3ea-eabf747224b7 
952 f f |p Can circulate  |a CAVAL  |b CAVAL  |c CAVAL  |d CARM 1 Store  |e C06170  |f A2:AN22F0  |h Other scheme  |i book  |m 0237010